Ecología y ciudad : raíces de nuestros males y modos de tratarlos /

Selección de ponencias organizadas por la Fundación de Investigaciones Marxistas (FIM), cuya fuente son las jornadas que se organizaron el 21 de febrero y el 14 de marzo de 2002 y que tuvieron lugar en la Escuela Técnica Superior de Arquitectura de Madrid. Colaboró la asociación de estudiantes Labor...

Volledige beschrijving

Bewaard in:
Bibliografische gegevens
Hoofdauteur: Arenillas, Teresa (coord.)
Coauteur: Jornadas de la Fundación de Investigaciones Marxistas
Formaat: Conferentie akten Boek
Taal:Spaans
Gepubliceerd in: Barcelona, España : El Viejo Topo, 2003, c2003
Onderwerpen:
Tags: Voeg label toe
Geen labels, Wees de eerste die dit record labelt!

MARC

LEADER 00000nam^a2200000^a^4500
001 000185889
005 20250521000000.0
009 20260310102205.797
020 |a 84-95776-57-X 
037 |a Acervo ITESO - Biblioteca 
041 |a ESP 
082 |a 711. 42  |b ARE 
100 |a Arenillas, Teresa  |e (coord.) 
245 1 0 |a Ecología y ciudad :  |b raíces de nuestros males y modos de tratarlos /  |c Coord. de T. Arenillas. 
264 4 |a Barcelona, España :  |b El Viejo Topo,  |c 2003, c2003 
300 |a 331 p. 
336 |a texto  |b txt  |2 rdacontenido 
337 |a sin mediación  |b n  |2 rdamedio 
338 |a volumen  |b nc  |2 rdasoporte 
520 |a Selección de ponencias organizadas por la Fundación de Investigaciones Marxistas (FIM), cuya fuente son las jornadas que se organizaron el 21 de febrero y el 14 de marzo de 2002 y que tuvieron lugar en la Escuela Técnica Superior de Arquitectura de Madrid. Colaboró la asociación de estudiantes Laboratorio Urbano. Su objetivo es invitar a la reflexión sobre las causas profundas que impiden la concepción de lo urbano como un hecho social que, desarrollado sobre una base física, tiene repercusiones directas sobre el medio ambiente. Se estructuraron en cuatro grandes esquemas: 1. Instrumentos para paliar la insostenibilidad de los sistemas urbanos; 2. Rastros de la razón: revisión crítica de la construcción de la disciplina urbanística; 3. La ciudadanía imaginada: entre la autosuficiencia y la libertad; 4. Ciudades fecundas: participación y calidad de vida. Además se incluye un texto de otro congreso en Pekín en torno a la crisis ambiental y la crisis de identidad de las ciudades. 
649 |a XX 
650 |a Ciudad (Concepto) 
650 |a Calidad de Vida 
650 |a Conservación y Protección Ambiental 
650 |a Ecodiseño 
650 |a Participación Social 
650 |a Desarrollo Sustentable 
650 |a Diseño Arquitectónico -  |x Aspectos Sociales y Culturales 
650 |a Sociología Urbana 
650 |a Urbanismo 
650 |a Ecología 
711 |a Jornadas de la Fundación de Investigaciones Marxistas (  |d 2002 :  |c Madrid) 
910 |a Fondo General 
920 |a Impresos - Libros 
930 |a Colección General 
905 |a 101 
901 |a 0500127100  |b IT1  |c ACC  |u 20250521 
902 |a https://opac.biblio.iteso.mx/vufind/Record/000185889